Top 75 Largest Countries - Statistics

General Stats
  • This quiz has been taken 100 times
    79 since last reset
  • The average score is 63 of 75
Answer Stats
Rank Area (km²) Country % Correct
3 9,572,900 China
100%
1 17,098,246 Russia
100%
2 9,984,670 Canada
98%
13 1,964,375 Mexico
98%
4 9,525,067 United States
98%
6 7,692,024 Australia
96%
5 8,515,767 Brazil
96%
40 675,417 France
96%
7 3,287,263 India
96%
8 2,780,400 Argentina
91%
37 756,950 Chile
91%
25 1,197,411 Colombia
91%
11 2,345,410 Democratic Republic of the Congo
91%
9 2,724,900 Kazakhstan
91%
19 1,285,220 Peru
91%
12 2,149,690 Saudi Arabia
91%
51 504,781 Spain
91%
10 2,381,740 Algeria
89%
20 1,284,000 Chad
89%
62 357,021 Germany
89%
17 1,648,000 Iran
89%
71 301,230 Italy
89%
24 1,219,912 South Africa
89%
55 449,964 Sweden
89%
36 780,580 Turkey
89%
52 488,100 Turkmenistan
89%
45 603,628 Ukraine
89%
29 1,001,450 Egypt
87%
16 1,759,540 Libya
87%
18 1,565,000 Mongolia
87%
21 1,267,000 Niger
87%
31 923,768 Nigeria
87%
67 324,220 Norway
87%
34 803,940 Pakistan
87%
41 647,500 Afghanistan
85%
27 1,098,580 Bolivia
85%
26 1,127,127 Ethiopia
85%
14 1,904,556 Indonesia
85%
61 377,835 Japan
85%
57 446,550 Morocco
85%
33 825,418 Namibia
85%
15 1,861,484 Sudan
85%
32 912,050 Venezuela
85%
22 1,246,700 Angola
83%
46 600,370 Botswana
83%
43 622,984 Central African Republic
83%
64 337,030 Finland
83%
58 437,072 Iraq
83%
23 1,240,000 Mali
83%
28 1,030,700 Mauritania
83%
30 945,087 Tanzania
83%
56 447,400 Uzbekistan
83%
35 801,590 Mozambique
80%
69 312,685 Poland
80%
42 637,657 Somalia
80%
44 619,745 South Sudan
80%
50 514,000 Thailand
80%
49 527,970 Yemen
80%
48 580,367 Kenya
78%
65 329,750 Malaysia
78%
39 678,500 Myanmar
78%
63 342,000 Republic of the Congo
78%
66 329,560 Vietnam
78%
38 752,614 Zambia
78%
75 269,190 New Zealand
76%
70 309,500 Oman
76%
60 390,580 Zimbabwe
76%
47 587,040 Madagascar
74%
54 462,840 Papua New Guinea
74%
59 406,750 Paraguay
74%
53 475,440 Cameroon
65%
73 283,560 Ecuador
65%
72 300,000 Philippines
65%
68 322,460 Cote d'Ivoire
59%
74 274,200 Burkina Faso
50%
No matching quizzes found
Score Distribution
Percent of People with Each Score
Percentile by Number Answered
Your Score History
You have not taken this quiz since the last reset